Bottom UK TV Series - Statistics

General Stats
  • This quiz has been taken 47 times
  • The average score is 10 of 19
Answer Stats
Series 1 Titles % Correct
Episode 2 Gas
93%
Episode 5 's Up
78%
Episode 1 Smells
74%
Feature Film Guest House Paradiso
59%
Episode 6 's Out
59%
Episode 2 Terror
59%
Episode 6 Carnival
56%
Episode 1 Digger
56%
Episode 5 Holy
56%
Episode 1 Hole
52%
Episode 6 Accident
48%
Episode 3 Burglary
48%
Episode 2 Culture
48%
Episode 4 Parade
48%
Episode 3 Contest
44%
Episode 4 Apocalypse
41%
Episode 5 Finger
41%
Episode 3 Break
37%
Episode 4 Dough
37%
No matching quizzes found
Score Distribution
Percent of People with Each Score
Percentile by Number Answered
Your Score History
You have not taken this quiz